00647cam a22002291 4500001001300000003000400013005001700017008004100034010001700075035002000092040002100112050001500133100003400148245004800182260002000230300001800250440005900268504002800327650002300355650002200378999001700400ne 64001845 DLC20260227111802.0930803s1963 tu b 000 0 tur  ane 64001845  a(OCoLC)28562366 aDLCcCUdCUdDLC00aGR785b.U41 aÜlkütaşır, M. Şakir.10aTürk ve İslâm geleneğinde ağaç. a[Ankara,c1963] a40 p.c20 cm. 0aTürk Etnografya ve Folklor Derneği yayınları,v1 aBibliography: p. 36-37. 0aFolklore of trees. 0aFolklorezTurkey. c47248d47248